000 00612nam a2200253 a 4500
001 nice12345678
003 IN_TiNIC
005 20260116011912.0
008 050524s1974 lona grp 000 0 eng
020 _a0191273
_c100
082 0 0 _a958.1
_bROB
100 _aRobertson, G S
245 _aKafirs of Hindu Kush
260 _aLondan
_bOxford University Press
_c1974
300 _a658p
500 _aincludes index and biblioraphy
505 2 _aIll, Index
650 _aAfghanistan
650 _aHindu Kush
700 1 _aRobertson, G S
902 _bSRS
942 _cBK
999 _c4820
_d4820